| 000 | 00874nam a22002891 4500 | ||
|---|---|---|---|
| 001 | 134459 | ||
| 003 | ES-MaACL | ||
| 005 | 20260306063014.0 | ||
| 007 | t| | ||
| 008 | 070911s1947 sp ||||0| spa d | ||
| 016 | 7 | _zIND2000944343 | |
| 040 |
_aM-BN _bspa _cCDM |
||
| 080 | _a316.2 | ||
| 080 | _a113/119(091) | ||
| 080 | _a1(091) | ||
| 100 | 1 |
_aWhitehead, Alfred North, _d1861-1947 _9116695 |
|
| 245 | 1 | 0 |
_aAventuras de las ideas / _cpor S. N. Whitehead ; traducción del inglés por Carlos Botet]. |
| 260 |
_aBarcelona : _bJosé Janés, _c1947. |
||
| 300 |
_a375 p. ; _c17 cm. |
||
| 650 | 4 |
_aSociología- _vHistoria. _917200 |
|
| 650 | 1 | 4 |
_aCosmología- _vHistoria. _911390 |
| 650 | 4 |
_aFilosofía- _vHistoria. _9158248 |
|
| 700 | 1 |
_aBotet, Carlos. _930767 |
|
| 852 |
_aES-MaACL _jB-12974 _bR.28749 |
||
| 999 |
_c134459 _d134459 |
||